LIBRARY & INFORMATION CENTRE, KCAET, TAVANUR

ONLINE PUBLIC ACCESS CATALOGUE (OPAC)

Assessment of runoff and erosion using GIS (Record no. 15187)

MARC details
000 -LEADER
fixed length control field 00638nam a22001937a 4500
003 - CONTROL NUMBER IDENTIFIER
control field OSt
088 ## - REPORT NUMBER
Report number P 175
100 ## - MAIN ENTRY--AUTHOR NAME
Personal name ARUN JOSE
245 ## - TITLE STATEMENT
Title Assessment of runoff and erosion using GIS
260 ## - PUBLICATION, DISTRIBUTION, ETC. (IMPRINT)
Place of publication Tavanur 2007
Name of publisher Department of Land and Water Resources and Conservation Engineering
300 ## - PHYSICAL DESCRIPTION
Number of Pages 68
500 ## - GENERAL NOTE
General note Assessment of runoff and erosion using GIS
520 ## - SUMMARY, ETC.
Summary, etc Assessment of runoff and erosion using GIS
700 ## - ADDED ENTRY--PERSONAL NAME
Personal name Renjith Thomas
700 ## - ADDED ENTRY--PERSONAL NAME
Personal name Er. K. K Sathian (Guide)
856 ## - ELECTRONIC LOCATION AND ACCESS
Uniform Resource Identifier https://drive.google.com/open?id=1scvDnVDbYmTHlzWz8Gh0G5_id9DOAFKX
942 ## - ADDED ENTRY ELEMENTS (KOHA)
Koha item type Project Report
Holdings
Collection code Home library Current library Shelving location Full call number Accession Number Koha item type
Reference KAUAET KAUAET Reference 631.75807 ARU/AS P 175 Project Report
free website counter